<?xml version="1.0" encoding="UTF-8"?><?xml-stylesheet type="text/xsl" href="static/style.xsl"?><OAI-PMH xmlns="http://www.openarchives.org/OAI/2.0/" xmlns:xsi="http://www.w3.org/2001/XMLSchema-instance" xsi:schemaLocation="http://www.openarchives.org/OAI/2.0/ http://www.openarchives.org/OAI/2.0/OAI-PMH.xsd"><responseDate>2026-04-18T07:22:27Z</responseDate><request verb="GetRecord" identifier="oai:www.recercat.cat:2445/189617" metadataPrefix="marc">https://recercat.cat/oai/request</request><GetRecord><record><header><identifier>oai:recercat.cat:2445/189617</identifier><datestamp>2025-12-04T19:35:33Z</datestamp><setSpec>com_2072_1057</setSpec><setSpec>col_2072_478813</setSpec><setSpec>col_2072_478913</setSpec><setSpec>col_2072_478917</setSpec></header><metadata><record xmlns="http://www.loc.gov/MARC21/slim" xmlns:dcterms="http://purl.org/dc/terms/" xmlns:xsi="http://www.w3.org/2001/XMLSchema-instance" xmlns:doc="http://www.lyncode.com/xoai" xsi:schemaLocation="http://www.loc.gov/MARC21/slim http://www.loc.gov/standards/marcxml/schema/MARC21slim.xsd">
   <leader>00925njm 22002777a 4500</leader>
   <datafield ind2=" " ind1=" " tag="042">
      <subfield code="a">dc</subfield>
   </datafield>
   <datafield ind2=" " ind1=" " tag="720">
      <subfield code="a">Vilà Romeu, Mònica</subfield>
      <subfield code="e">author</subfield>
   </datafield>
   <datafield ind2=" " ind1=" " tag="720">
      <subfield code="a">Bedmar Chamarro, Àlex</subfield>
      <subfield code="e">author</subfield>
   </datafield>
   <datafield ind2=" " ind1=" " tag="720">
      <subfield code="a">Saurina, Javier</subfield>
      <subfield code="e">author</subfield>
   </datafield>
   <datafield ind2=" " ind1=" " tag="720">
      <subfield code="a">Núñez Burcio, Oscar</subfield>
      <subfield code="e">author</subfield>
   </datafield>
   <datafield ind2=" " ind1=" " tag="720">
      <subfield code="a">Sentellas, Sonia</subfield>
      <subfield code="e">author</subfield>
   </datafield>
   <datafield ind2=" " ind1=" " tag="260">
      <subfield code="c">2022-10-05T15:05:08Z</subfield>
   </datafield>
   <datafield ind2=" " ind1=" " tag="260">
      <subfield code="c">2022-10-05T15:05:08Z</subfield>
   </datafield>
   <datafield ind2=" " ind1=" " tag="260">
      <subfield code="c">2022</subfield>
   </datafield>
   <datafield ind2=" " ind1=" " tag="260">
      <subfield code="c">2022-10-05T15:05:08Z</subfield>
   </datafield>
   <datafield ind2=" " ind1=" " tag="520">
      <subfield code="a">Tea is a broadly consumed beverage worldwide that is susceptible to fraudulent practices, in-cluding its adulteration with other plants such as chicory extracts. In the present work, a non-targeted high-throughput flow injection analysis-mass spectrometry (FIA-MS) fingerprint-ing methodology was employed to characterize and classify different varieties of tea (black, green, red, oolong, and white) and chicory extracts by principal component analysis (PCA) and partial least squares-discriminant analysis (PLS-DA). Detection and quantitation of frauds in black and green tea extracts adulterated with chicory were also evaluated as proofs of concept using partial least squares (PLS) regression. Overall, PLS-DA showed that FIA-MS fingerprints in both negative and positive ionization modes were excellent sample chemical descriptors to dis-criminate tea samples from chicory independently of the tea product variety, as well as to clas-sify and discriminate among some of the analyzed tea groups. The classification rate was 100% in all the paired cases ¿i.e., each tea product variety versus chicory¿ by PLS-DA calibration and prediction models showing their capability to assess tea authentication. The results obtained for chicory adulteration detection and quantitation using PLS were satisfactory in the two adultera-tion cases evaluated (green and black teas adulterated with chicory), with calibration, cross-validation, and prediction errors bellow 5.8%, 8.5%, and 16.4%, respectively. Thus, the non-targeted FIA-MS fingerprinting methodology demonstrated to be a high-throughput, cost-effective, simple, and reliable approach to assess tea authentication issues.</subfield>
   </datafield>
   <datafield tag="653" ind2=" " ind1=" ">
      <subfield code="a">Te</subfield>
   </datafield>
   <datafield tag="653" ind2=" " ind1=" ">
      <subfield code="a">Quimiometria</subfield>
   </datafield>
   <datafield tag="653" ind2=" " ind1=" ">
      <subfield code="a">Espectrometria de masses</subfield>
   </datafield>
   <datafield tag="653" ind2=" " ind1=" ">
      <subfield code="a">Tea</subfield>
   </datafield>
   <datafield tag="653" ind2=" " ind1=" ">
      <subfield code="a">Chemometrics</subfield>
   </datafield>
   <datafield tag="653" ind2=" " ind1=" ">
      <subfield code="a">Mass spectrometry</subfield>
   </datafield>
   <datafield ind2="0" ind1="0" tag="245">
      <subfield code="a">High-throughput Flow Injection Analysis-Mass Spectrometry (FIA-MS) Fingerprinting for the Authentication of Tea. Application to the Detection of Teas Adulterated with Chicory.</subfield>
   </datafield>
</record></metadata></record></GetRecord></OAI-PMH>